Paroles: J'accuse de Michel Sardou - Statistiques

Statistiques générales
  • Ce quiz a été pris 147 fois
  • Le résultat moyen est 154 sur 223
Statistiques - réponses
Réponse % Correct
le
100%
les
100%
et
99%
Et
99%
homme
99%
J'accuse
99%
de
98%
De
98%
hommes
98%
à
97%
en
97%
par
95%
un
95%
des
94%
la
92%
ne
91%
leur
85%
Qui
84%
Au
80%
au
80%
faire
79%
que
79%
se
79%
groupe
77%
aux
76%
dans
76%
Pour
76%
pour
76%
sont
76%
pas
74%
cracher
71%
qu'ils
70%
soupe
70%
tout
69%
s'en
68%
du
67%
voir
67%
ou
62%
bêtes
61%
Bêtes
61%
simplement
61%
comme
60%
ils
56%
sang
56%
violer
56%
n'être
55%
bander
54%
enfants
54%
océans
54%
peu
54%
Cap
52%
sexe
52%
Canaveral
51%
d'argent
51%
méchants
51%
poule
51%
croire
49%
d'être
49%
impuissants
49%
oeufs
49%
pomme
49%
croquer
47%
étoiles
47%
bout
46%
Je
46%
ont
46%
temps
46%
surhommes
45%
Alors
44%
D'assassiner
44%
fond
44%
mot
44%
âme
43%
cochons
43%
eux
43%
goélands
41%
qu'on
41%
oublier
40%
prévoir
40%
sans
40%
serviront
40%
comment
39%
nom
39%
régiments
39%
sable
39%
d'air
38%
gens
38%
religion
38%
respirent
38%
d'un
37%
pauvres
36%
repaître
36%
condamne
34%
d'une
34%
moins
34%
Moitié
34%
moitié
34%
mourir
34%
arrache
33%
jette
33%
l'aile
33%
maximum
33%
pédés
33%
veux
33%
beurre
32%
hermaphrodites
32%
hypocrites
32%
marcher
32%
peur
32%
rats
32%
aussitôt
31%
cent
31%
crimes
31%
D'empoisonner
31%
nécroser
31%
névroser
31%
pardon
30%
salir
30%
l'âme
29%
pétroler
28%
s'agenouillent
28%
s'enfumer
26%
durs
25%
enfoncer
25%
jouent
25%
torrents
25%
D'atomiser
23%
néant
23%
génies
18%
rassembler
17%
Aucun quiz correspondant
Distribution des résultats
% des personnes avec chaque résultat
Percentile par nombre de réponses
Votre historique - résultats
Vous n’avez pas pris ce quiz